未開業の新幹線基本計画路線 - Statistics

General Stats
  • This quiz has been taken 369 times
  • The average score is 7 of 12
Answer Stats
路線名 % Correct
四国新幹線
91%
山陰新幹線
90%
東九州新幹線
85%
北海道新幹線
82%
羽越新幹線
79%
中央新幹線
72%
奥羽新幹線
66%
四国横断新幹線
33%
九州横断新幹線
32%
北海道南回り新幹線
22%
中国横断新幹線
22%
北陸・中京新幹線
9%
No matching quizzes found
Score Distribution
Percent of People with Each Score
Percentile by Number Answered
Your Score History
You have not taken this quiz